Countries voting against condemning Russia 2025 - Statistics

General Stats
  • This quiz has been taken 16 times
  • The average score is 14 of 18
Answer Stats
Hint Answer % Correct
Europe Belarus
100%
North America Cuba
93%
Asia North Korea
93%
Type Russia Russia
93%
Asia China
87%
South America (Would have) Venezuela
87%
Africa Burkina Faso
80%
Africa Eritrea
80%
Asia (Junta would have) Myanmar
80%
North America Nicaragua
80%
Africa Niger
80%
Africa Zimbabwe
80%
Africa Burundi
73%
Asia Iran
73%
Africa Mali
73%
Africa Sudan
73%
Africa Central African Republic
67%
Africa Equatorial Guinea
53%
No matching quizzes found
Score Distribution
Percent of People with Each Score
Percentile by Number Answered
Your Score History
You have not taken this quiz